| 000 | 01749nam a2200385 c 4500 | ||
|---|---|---|---|
| 003 | BLK | ||
| 005 | 20180422095147.0 | ||
| 008 | 180413b bul|||||r ||||||| ||bul|| | ||
| 010 | _aKNG00022633000 | ||
| 020 |
_a954-8478-12-9 _bиздат.: Сонм |
||
| 040 | _aBLK | ||
| 041 |
_aBUL _cBUL |
||
| 080 |
_aОбщи работи. Философски науки в цялост _b101 _x(092) _z101(092) |
||
| 080 |
_aТеория на литературата. Литературна техника _b82.01/.09 _x1 _z82.01/.091 |
||
| 080 |
_aБиографии _b929 _x _z929 |
||
| 100 | 1 |
_aЛевинас, Еманюел _eпърви автор _988096 |
|
| 700 | 1 |
_aМинева, Тодорка _eпрев. _9363757 |
|
| 700 | 1 |
_aПраматаров, Веселин _eпрев. _9363960 |
|
| 139 |
_aЛевинас, Еманюел _bЛ 35 |
||
| 245 | 1 | 0 |
_aСобствени имена _bАньон, Бубер, Вал, Ван Бреда, Делом, Дерида, Жабес, Киркегор, Лакроа, Лапорт, Пикар, Пруст, Селан _cЕманюел Левинас; прев. Тодорка Минева; прев. Веселин Праматаров. |
| 257 | _aFRA | ||
| 260 |
_аСофия _bСонм _c1997 _fПлевен : Евразия-Абагар |
||
| 300 |
_a136 с. _c20 см |
||
| 380 | _a1 | ||
| 490 | 1 | _aБиблиотека Перо | |
| 500 | _aОриг. загл. Noms propres / Emmanuel Levinas. - 500 тир. | ||
| 650 | 4 |
_aФилософия, съвременна _9254592 |
|
| 650 | 4 |
_aФилософи, съвременни _9254593 |
|
| 650 | 4 |
_aЛитературно творчество _9264754 |
|
| 852 | _aЦб 197122 | ||
| 856 | 4 |
_qpdf _u |
|
| 856 | 4 |
_qpdf _u |
|
| 942 |
_cKNG _n0 |
||
| 944 |
_aCR _c15.01.2003 _kAB_DOS |
||
| 944 |
_aED _c15.01.2003 _k |
||
| 999 |
_c20410 _d20410 |
||